Monitoring and assessment: coastal surveying; integrating maritime and marine survey technologies (Record no. 74637)
[ view plain ]
| 000 -LEADER | |
|---|---|
| fixed length control field | 01236cab a2200229 4500 |
| 001 - CONTROL NUMBER | |
| control field | ABS68433 |
| 008 - FIXED-LENGTH DATA ELEMENTS--GENERAL INFORMATION | |
| fixed length control field | 041125n2004 000 0 eng u |
| 035 ## - SYSTEM CONTROL NUMBER | |
| System control number | (Sirsi) u128155 |
| 100 ## - MAIN ENTRY--PERSONAL NAME | |
| Personal name | Lavender, S. |
| 245 ## - TITLE STATEMENT | |
| Title | Monitoring and assessment: coastal surveying; integrating maritime and marine survey technologies |
| 260 ## - PUBLICATION, DISTRIBUTION, ETC. | |
| Date of publication, distribution, etc. | 2004 |
| 490 ## - SERIES STATEMENT | |
| Series statement | Geo Informatics |
| Volume/sequential designation | 7(7) October/November 2004, 50-52(3) |
| 520 ## - SUMMARY, ETC. | |
| Summary, etc. | Reviews some of the specialised activities involved in coastal surveying and looks at future areas of development. An increased interest in the coastal zone, its appropriate management and optimal use, have strengthened interest in coastal surveying both above and below the waterline. Trade, development, mineral resources and tourism bring conflicting pressures into an environmentally vulnerable area. Though it is important to treat the zone in an integrated fashion, this article concentrates on the coastline and coastal waters. [Adapted from journal abstract]. |
| 590 ## - LOCAL NOTE (RLIN) | |
| Local note | ABS |
| 650 ## - SUBJECT ADDED ENTRY--TOPICAL TERM | |
| Topical term or geographic name entry element | COASTAL ZONES |
| 650 ## - SUBJECT ADDED ENTRY--TOPICAL TERM | |
| Topical term or geographic name entry element | COASTAL ZONE MANAGEMENT |
| 650 ## - SUBJECT ADDED ENTRY--TOPICAL TERM | |
| Topical term or geographic name entry element | COASTAL DEVELOPMENT |
| 650 ## - SUBJECT ADDED ENTRY--TOPICAL TERM | |
| Topical term or geographic name entry element | SURVEYING TECHNOLOGY |
| 690 ## - LOCAL SUBJECT ADDED ENTRY--TOPICAL TERM (OCLC, RLIN) | |
| Topical term or geographic name as entry element | GEOMATICS-HYDROGRAPHIC SURVEYING |
| 700 ## - ADDED ENTRY--PERSONAL NAME | |
| Personal name | Abbott, V. |
| 942 ## - ADDED ENTRY ELEMENTS (KOHA) | |
| Suppress in OPAC | 0 |
| Withdrawn status | Lost status | Source of classification or shelving scheme | Damaged status | Not for loan | Home library | Current library | Shelving location | Date acquired | Total Checkouts | Full call number | Barcode | Date last seen | Copy number | Price effective from | Koha item type |
|---|---|---|---|---|---|---|---|---|---|---|---|---|---|---|---|
| Dewey Decimal Classification | London | London | Journal article | 25/11/2004 | ABS68433 | 128155-1001 | 06/08/2019 | 1 | 06/08/2019 | Journal article |